000 00628nam a2200229Ia 4500
003 OSt
005 20221007075323.0
006 a|||||r|||| 00| 0
007 ta
008 221006b |||||||| |||| 00| 0 eng d
024 _a12,483
037 _cTextual
040 _aFLL
_cFLL
_beng
041 _2eng
_aeng
082 _aV2,1'N92-M87, N4
100 _aVenkataraman R. Au.
_9693322
245 0 _aMy presidential years
260 _aNew Delhi
_bHarper collins publishers India
_c1994
300 _a568p
_ccm.
942 _hV2,1'N92-M87, N4
_cTEXL
_2CC
999 _c1155614
_d1155614